[Event "Saint John op-2"]
[Site "Saint John CAN"]
[Date "1988.??.??"]
[Round "?"]
[White "Southam, Todd"]
[Black "Dvoretzky, Mark"]
[Result "1/2-1/2"]
[WhiteElo "2295"]
[BlackElo "2475"]
[PlyCount "83"]
[GameId "2160767912586915"]
[EventDate "1988.02.08"]
[EventType "swiss"]
[EventRounds "9"]
[EventCountry "CAN"]
[SourceTitle "CBM 06"]

1. d4 c5 2. d5 e5 3. c4 d6 4. e4 Be7 5. Nc3 Bg5 6. Bxg5 Qxg5 7. g3 Nh6 8. Bg2 O-O 9. Nge2 f5 10. f4 Qe7 11. O-O Nd7 12. Qd2 exf4 13. gxf4 fxe4 14. Nxe4 Nf6 15. N2g3 Nxe4 16. Nxe4 Bf5 17. Ng5 Kh8 18. Rae1 Qd7 19. Be4 Rf6 20. Bxf5 Nxf5 21. Ne6 Qf7 22. Kh1 h6 23. Rg1 Rg8 24. Ref1 Rg6 25. Rxg6 Qxg6 26. Qc3 Nh4 27. Qg3 Qe4+ 28. Kg1 Nf5 29. Qg6 Qe3+ 30. Kh1 Qe2 31. Rg1 Nh4 32. Qg3 Qe4+ 33. Rg2 Nxg2 34. Qxg2 Qxc4 35. h4 Qxa2 36. Kh2 a5 37. Kh3 a4 38. Qg6 Qxd5 39. Ng5 Qb3+ 40. Kh2 Qxb2+ 41. Kg3 Qb3+ 42. Kh2 1/2-1/2

[Event "Saint John op-2"]
[Site "Saint John CAN"]
[Date "1988.??.??"]
[Round "?"]
[White "Southam, Todd"]
[Black "Foisor, Ovidiu"]
[Result "1/2-1/2"]
[WhiteElo "2455"]
[BlackElo "2495"]
[PlyCount "152"]
[GameId "2160767912586916"]
[EventDate "1988.02.08"]
[EventType "swiss"]
[EventRounds "9"]
[EventCountry "CAN"]
[SourceTitle "CBM 006"]
[Source "ChessBase"]
[SourceDate "2004.01.01"]
[SourceVersion "1"]
[SourceVersionDate "2004.01.01"]
[SourceQuality "1"]

1. d4 Nf6 2. c4 e6 3. Nc3 Bb4 4. e3 b6 5. Nge2 Bb7 6. a3 Be7 7. Ng3 O-O 8. e4 d6 9. Be3 Nbd7 10. Bd3 Re8 11. O-O Bf8 12. Be2 a6 13. f4 e5 14. fxe5 dxe5 15. d5 Bc5 16. Qd2 a5 17. Kh1 Bxe3 18. Qxe3 Nc5 19. Rf2 Rf8 20. Nf5 Ne8 21. Raf1 f6 22. b4 axb4 23. axb4 Na6 24. Rb1 Bc8 25. c5 Kh8 26. Bb5 Nb8 27. Rff1 g6 28. Ng3 Kg7 29. Ra1 Rxa1 30. Rxa1 bxc5 31. bxc5 c6 32. Ra7+ Rf7 33. Ra8 Bb7 34. Ra1 cxb5 35. Nxb5 Ba6 36. Nc3 Rb7 37. c6 Qb6 38. Nf5+ gxf5 39. Qg3+ Kh8 40. cxb7 Bxb7 41. Rb1 Qc7 42. Qf2 Bc8 43. Nb5 Qd8 44. Qc5 Nd7 45. Qc6 Nf8 46. Na7 Bd7 47. Qc5 Kg8 48. Nc6 Bxc6 49. dxc6 fxe4 50. Qc4+ Kg7 51. Rb7+ Nc7 52. h4 e3 53. Qg4+ Kf7 54. Qe4 Qd6 55. Qxe3 Qxc6 56. Qb3+ Nfe6 57. Rb6 Qe4 58. Rb4 Qe1+ 59. Kh2 Qd2 60. Qc4 Qd6 61. Qc3 Nd4 62. h5 Nce6 63. Ra4 Qb6 64. Qa3 Nc7 65. Qa2+ Kg7 66. Ra3 Nde6 67. Rd3 Qc6 68. Qd2 Ng5 69. Rd7+ Nf7 70. h6+ Kg8 71. Qd3 f5 72. Qg3+ Qg6 73. Qxg6+ hxg6 74. h7+ Kh8 75. Rxf7 Ne6 76. Re7 Ng5 1/2-1/2

[Event "Saint John op-2"]
[Site "Saint John CAN"]
[Date "1988.??.??"]
[Round "?"]
[White "Southam, Todd"]
[Black "Kuczynski, Robert"]
[Result "0-1"]
[WhiteElo "2295"]
[BlackElo "2485"]
[PlyCount "80"]
[GameId "2160767912586918"]
[EventDate "1988.02.08"]
[EventType "swiss"]
[EventRounds "9"]
[EventCountry "CAN"]
[SourceTitle "CBM 06"]

1. d4 d5 2. c4 e6 3. cxd5 exd5 4. Nc3 c6 5. Nf3 Nf6 6. Bg5 Be7 7. e3 Bf5 8. Bd3 Bxd3 9. Bxf6 Bxf6 10. Qxd3 Be7 11. O-O Nd7 12. Rae1 O-O 13. a3 Re8 14. Re2 Bf8 15. Rfe1 h6 16. e4 dxe4 17. Nxe4 Re6 18. Nc3 Rxe2 19. Rxe2 Nb6 20. Ne5 Qg5 21. g3 Rd8 22. h4 Qf6 23. Re3 Qe6 24. Nf3 Qc4 25. Qxc4 Nxc4 26. Re2 f6 27. Rc2 Nb6 28. Nd1 Nd5 29. Ne3 Kf7 30. Re2 h5 31. Kg2 g6 32. Kf1 Be7 33. Nxd5 Rxd5 34. Rd2 Bd8 35. Ke2 Ba5 36. Rd3 Bb6 37. Ke3 Ke6 38. Ng1 c5 39. Ne2 cxd4+ 40. Nxd4+ Rxd4 0-1

[Event "Saint John op-2"]
[Site "Saint John CAN"]
[Date "1988.??.??"]
[Round "?"]
[White "Stone, Raymond"]
[Black "Chernin, Alexander"]
[Result "0-1"]
[WhiteElo "2415"]
[BlackElo "2560"]
[PlyCount "80"]
[GameId "2160767912586919"]
[EventDate "1988.02.08"]
[EventType "swiss"]
[EventRounds "9"]
[EventCountry "CAN"]
[SourceTitle "CBM 06"]

1. d4 d6 2. Nf3 f5 3. g3 Nf6 4. Bg2 g6 5. O-O Bg7 6. c4 O-O 7. Nc3 Qe8 8. d5 Na6 9. Rb1 Bd7 10. Re1 c6 11. b3 h6 12. Bb2 Qf7 13. Nd4 Rac8 14. Rf1 Nc5 15. e3 Nce4 16. dxc6 bxc6 17. Qc2 Nxc3 18. Bxc3 Ne4 19. Bb2 c5 20. Ne2 Bc6 21. Nc3 Bxc3 22. Bxc3 Qe6 23. f3 Nxc3 24. Qxc3 a5 25. Qd3 Rb8 26. f4 Bxg2 27. Kxg2 a4 28. Rfe1 Qe4+ 29. Qxe4 fxe4 30. Re2 Rb4 31. g4 Rfb8 32. Reb2 Kf7 33. Kg3 Kf6 34. h4 h5 35. Kh3 R8b6 36. Kg3 e6 37. Kh3 d5 38. cxd5 exd5 39. Rd2 d4 40. Rc1 axb3 0-1

[Event "Saint John op-2"]
[Site "Saint John CAN"]
[Date "1988.??.??"]
[Round "?"]
[White "Stone, Raymond"]
[Black "Finegold, Gina Lynne"]
[Result "1-0"]
[WhiteElo "2415"]
[BlackElo "2060"]
[PlyCount "73"]
[GameId "2160767912586920"]
[EventDate "1988.02.08"]
[EventType "swiss"]
[EventRounds "9"]
[EventCountry "CAN"]
[SourceTitle "CBM 006"]
[Source "ChessBase"]
[SourceDate "2004.01.01"]
[SourceVersion "1"]
[SourceVersionDate "2004.01.01"]
[SourceQuality "1"]

1. d4 d5 2. c4 c6 3. Nf3 Nf6 4. Nc3 dxc4 5. a4 Bf5 6. Ne5 Nbd7 7. Nxc4 Qc7 8. g3 e5 9. dxe5 Nxe5 10. Bf4 Rd8 11. Qc1 Bd6 12. Nxd6+ Qxd6 13. Bg2 O-O 14. O-O a5 15. Qe3 Nfg4 16. Qb6 Qb4 17. Qxb4 axb4 18. Na2 Ng6 19. Bc7 Rd2 20. e4 Be6 21. Nxb4 Rxb2 22. Nd3 Rd2 23. Rfd1 Rxd1+ 24. Rxd1 Bb3 25. Ra1 Re8 26. Nc5 Be6 27. a5 Bc8 28. Rb1 Nf8 29. Bd6 Nf6 30. e5 N6d7 31. Nxb7 Nxe5 32. a6 Bf5 33. Ra1 f6 34. a7 Ra8 35. Bxe5 fxe5 36. Bxc6 Bd7 37. Be4 1-0

[Event "Saint John op-2"]
[Site "Saint John CAN"]
[Date "1988.??.??"]
[Round "?"]
[White "Tal, Mikhail"]
[Black "Gipslis, Aivars"]
[Result "1/2-1/2"]
[WhiteElo "2630"]
[BlackElo "2505"]
[PlyCount "36"]
[GameId "2160767912586922"]
[EventDate "1988.02.08"]
[EventType "swiss"]
[EventRounds "9"]
[EventCountry "CAN"]
[SourceTitle "CBM 06"]

1. e4 d6 2. d4 Nf6 3. Nc3 g6 4. Nf3 Bg7 5. Be2 O-O 6. O-O c6 7. h3 Qc7 8. Bf4 Nh5 9. Be3 e5 10. Qd2 Nd7 11. a4 Re8 12. Rad1 exd4 13. Nxd4 Nhf6 14. f3 a6 15. Nb3 d5 16. Bf4 Ne5 17. exd5 Nxd5 18. Nxd5 cxd5 1/2-1/2

[Event "Saint John op-2"]
[Site "Saint John CAN"]
[Date "1988.??.??"]
[Round "?"]
[White "Tal, Mikhail"]
[Black "Kristensen, Bjarke"]
[Result "1/2-1/2"]
[WhiteElo "2630"]
[BlackElo "2300"]
[PlyCount "92"]
[GameId "2160767912586924"]
[EventDate "1988.02.08"]
[EventType "swiss"]
[EventRounds "9"]
[EventCountry "CAN"]
[SourceTitle "CBM 06"]

1. e4 c5 2. Nf3 Nc6 3. d4 cxd4 4. Nxd4 Nf6 5. Nc3 e5 6. Ndb5 d6 7. Nd5 Nxd5 8. exd5 Ne7 9. c4 Nf5 10. Bd3 Be7 11. O-O O-O 12. Kh1 g6 13. Nc3 Qb6 14. Rb1 Qd4 15. Ne4 b5 16. b3 Ba6 17. Qe2 Qb6 18. Bb2 Nd4 19. Bxd4 Qxd4 20. c5 f5 21. Nxd6 Qxc5 22. Nxb5 e4 23. Rfc1 Bxb5 24. Bxb5 Qd4 25. Rc6 Bc5 26. f4 Rad8 27. Rd1 Qb4 28. Qc4 Bd6 29. Qxb4 Bxb4 30. d6 Rf6 31. d7 Rxc6 32. Bxc6 e3 33. Bb5 Bd2 34. g3 Rxd7 35. Bxd7 e2 36. Rb1 e1=Q+ 37. Rxe1 Bxe1 38. Kg2 Bb4 39. Kf3 Kf7 40. g4 fxg4+ 41. Bxg4 Kf6 42. Ke4 Bd6 43. h3 h6 44. Bc8 a5 45. f5 gxf5+ 46. Bxf5 h5 1/2-1/2

[Event "Saint John op-2"]
[Site "Saint John CAN"]
[Date "1988.??.??"]
[Round "?"]
[White "Tal, Mikhail"]
[Black "Lputian, Smbat"]
[Result "1/2-1/2"]
[WhiteElo "2630"]
[BlackElo "2555"]
[PlyCount "24"]
[GameId "2160767912586925"]
[EventDate "1988.02.08"]
[EventType "swiss"]
[EventRounds "9"]
[EventCountry "CAN"]
[SourceTitle "CBM 06"]

1. Nf3 d5 2. c4 e6 3. g3 dxc4 4. Qa4+ Nd7 5. Bg2 c5 6. O-O Ngf6 7. Qxc4 b6 8. Nd4 Ne5 9. Nc6 Nxc4 10. Nxd8 Nd5 11. Nc3 Kxd8 12. Nxd5 Bb7 1/2-1/2

[Event "Saint John op-2"]
[Site "Saint John CAN"]
[Date "1988.??.??"]
[Round "?"]
[White "Thorsteins, Karl"]
[Black "Fong, Juan"]
[Result "1-0"]
[WhiteElo "2445"]
[BlackElo "2220"]
[PlyCount "39"]
[GameId "2160767912586929"]
[EventDate "1988.02.08"]
[EventType "swiss"]
[EventRounds "9"]
[EventCountry "CAN"]
[SourceTitle "CBM 006"]
[Source "ChessBase"]
[SourceDate "2004.01.01"]
[SourceVersion "1"]
[SourceVersionDate "2004.01.01"]
[SourceQuality "1"]

1. d4 Nf6 2. Nf3 b6 3. Bg5 Bb7 4. Nbd2 c5 5. c3 d6 6. Bxf6 exf6 7. e3 f5 8. dxc5 bxc5 9. Bb5+ Nc6 10. Nc4 a6 11. Ba4 Be7 12. Qd5 Rc8 13. O-O-O O-O 14. Nxd6 Bxd6 15. Qxd6 Qa5 16. Bb3 c4 17. Rd5 cxb3 18. Rxa5 Nxa5 19. Qb4 Rc5 20. Qxc5 1-0

[Event "Saint John op-2"]
[Site "Saint John CAN"]
[Date "1988.??.??"]
[Round "?"]
[White "Thorsteins, Karl"]
[Black "Gipslis, Aivars"]
[Result "0-1"]
[WhiteElo "2445"]
[BlackElo "2505"]
[PlyCount "68"]
[GameId "2160767912586930"]
[EventDate "1988.02.08"]
[EventType "swiss"]
[EventRounds "9"]
[EventCountry "CAN"]
[SourceTitle "CBM 006"]
[Source "ChessBase"]
[SourceDate "2004.01.01"]
[SourceVersion "1"]
[SourceVersionDate "2004.01.01"]
[SourceQuality "1"]

1. d4 Nf6 2. c4 e6 3. Nc3 Bb4 4. e3 O-O 5. Bd3 d5 6. cxd5 exd5 7. Nge2 Re8 8. O-O Bd6 9. f3 c5 10. Bc2 Nc6 11. Kh1 a6 12. a3 h6 13. dxc5 Bxc5 14. Nf4 d4 15. exd4 Nxd4 16. Bd3 Bf5 17. b4 Ba7 18. Bb2 Qd7 19. Bxf5 Qxf5 20. Nfe2 Rad8 21. Ng3 Qg6 22. Nce4 Nf5 23. Qb1 Nxe4 24. Nxe4 Ne3 25. Rg1 Nc4 26. Bc3 Bxg1 27. Qxg1 Rd3 28. Re1 Rxe4 29. Rxe4 Rxc3 30. Qe1 Rc2 31. g4 Nxa3 32. Re8+ Kh7 33. h4 Rb2 34. h5 Qc2 0-1

[Event "Saint John op-2"]
[Site "Saint John CAN"]
[Date "1988.??.??"]
[Round "?"]
[White "Tolnai, Tibor"]
[Black "Georgiev, Kiril"]
[Result "0-1"]
[WhiteElo "2465"]
[BlackElo "2595"]
[PlyCount "80"]
[GameId "2160767912586933"]
[EventDate "1988.02.08"]
[EventType "swiss"]
[EventRounds "9"]
[EventCountry "CAN"]
[SourceTitle "CBM 006"]
[Source "ChessBase"]
[SourceDate "2004.01.01"]
[SourceVersion "1"]
[SourceVersionDate "2004.01.01"]
[SourceQuality "1"]

1. e4 c5 2. Nf3 d6 3. d4 Nf6 4. Nc3 cxd4 5. Nxd4 a6 6. Bg5 e6 7. f4 Qb6 8. Qd2 Qxb2 9. Rb1 Qa3 10. f5 Nc6 11. fxe6 fxe6 12. Nxc6 bxc6 13. e5 dxe5 14. Bxf6 gxf6 15. Ne4 Be7 16. Be2 h5 17. O-O f5 18. Bf3 Kf7 19. Kh1 Ra7 20. Rb8 Rd7 21. Qe2 h4 22. Bg4 Kg7 23. Bxf5 exf5 24. Qf2 Rd1 25. Rxd1 fxe4 26. Qe2 Kh6 27. Qxe4 Qc5 28. Rf1 Qd5 29. Qe2 h3 30. Rf3 Rg8 31. Qe3+ Bg5 32. Rxh3+ Bxh3 33. Qxh3+ Kg6 34. Rxg8+ Qxg8 35. Qg4 Qf7 36. Qe4+ Qf5 37. Qxc6+ Bf6 38. Qxa6 Qxc2 39. h4 Qe4 40. h5+ Kg5 0-1

[Event "Saint John op-2"]
[Site "Saint John CAN"]
[Date "1988.??.??"]
[Round "?"]
[White "Torre, Eugenio"]
[Black "Dizdar, Goran"]
[Result "1/2-1/2"]
[WhiteElo "2545"]
[BlackElo "2490"]
[PlyCount "120"]
[GameId "2160767912586936"]
[EventDate "1988.02.08"]
[EventType "swiss"]
[EventRounds "9"]
[EventCountry "CAN"]
[SourceTitle "CBM 06"]

1. e4 e6 2. d4 d5 3. Nc3 Nf6 4. e5 Nfd7 5. f4 c5 6. Nf3 Nc6 7. Be3 cxd4 8. Nxd4 Qb6 9. a3 Bc5 10. Na4 Qa5+ 11. c3 Bxd4 12. Bxd4 Nxd4 13. Qxd4 O-O 14. Be2 b6 15. Bd1 Qb5 16. b4 f6 17. Nb2 fxe5 18. fxe5 Qc6 19. Bg4 Kh8 20. Rf1 Ba6 21. Rxf8+ Rxf8 22. O-O-O Rc8 23. Kc2 Bb5 24. Rd2 a5 25. Rf2 axb4 26. axb4 Kg8 27. Kd2 Ra8 28. h4 Ra2 29. Ke1 Ra8 30. Nd1 Rf8 31. Ne3 Rxf2 32. Kxf2 Nf8 33. Bf3 Kh8 34. h5 h6 35. Bd1 Qc7 36. Kg1 Nd7 37. Ng4 Kg8 38. Qe3 Qc4 39. Kh2 Qf1 40. Bf3 Qd3 41. Qxd3 Bxd3 42. Kg3 Kf7 43. Kf4 Nb8 44. Nf2 Bc2 45. g4 Nc6 46. Nh3 g5+ 47. hxg6+ Kxg6 48. Bg2 Bd3 49. g5 hxg5+ 50. Nxg5 Bf5 51. Nf3 Kf7 52. Nd4 Nxd4 53. cxd4 Kg6 54. Bf3 Bh3 55. Bd1 Bf1 56. Bg4 Kf7 57. Kg5 Bd3 58. Bh5+ Ke7 59. Kf4 Bb5 60. Ke3 Bd7 1/2-1/2

[Event "Saint John op-2"]
[Site "Saint John CAN"]
[Date "1988.??.??"]
[Round "?"]
[White "Torre, Eugenio"]
[Black "Djuric, Stefan"]
[Result "1-0"]
[WhiteElo "2545"]
[BlackElo "2475"]
[PlyCount "69"]
[GameId "2160767912586937"]
[EventDate "1988.02.08"]
[EventType "swiss"]
[EventRounds "9"]
[EventCountry "CAN"]
[SourceTitle "CBM 06"]

1. d4 Nf6 2. Nf3 d5 3. c4 e6 4. Bg5 Be7 5. Nc3 Nbd7 6. e3 h6 7. Bh4 O-O 8. Qc2 c5 9. Rd1 Qa5 10. a3 dxc4 11. Bxc4 Nb6 12. Ba2 Nbd5 13. O-O Nxc3 14. bxc3 Bd7 15. Ne5 Ba4 16. Bb3 cxd4 17. Bxa4 Qxe5 18. cxd4 Qa5 19. Qb3 Rab8 20. Bg3 b5 21. Bxb8 Rxb8 22. Rb1 Ne4 23. Qd3 Nd2 24. Bc2 g6 25. d5 exd5 26. Qxd5 Rd8 27. Qxb5 Qxb5 28. Rxb5 Nxf1 29. Kxf1 Bxa3 30. Ra5 Rc8 31. Bxg6 Bb4 32. Rb5 Bd6 33. Be4 Rc4 34. Bd3 Rc1+ 35. Ke2 1-0

[Event "Saint John op-2"]
[Site "Saint John CAN"]
[Date "1988.??.??"]
[Round "?"]
[White "Torre, Eugenio"]
[Black "Gallagher, Joseph G"]
[Result "1-0"]
[WhiteElo "2545"]
[BlackElo "2480"]
[PlyCount "64"]
[GameId "2160767912586938"]
[EventDate "1988.02.08"]
[EventType "swiss"]
[EventRounds "9"]
[EventCountry "CAN"]
[SourceTitle "CBM 006"]
[Source "ChessBase"]
[SourceDate "2004.01.01"]
[SourceVersion "1"]
[SourceVersionDate "2004.01.01"]
[SourceQuality "1"]

1. e4 c5 2. Nf3 d6 3. c3 Nf6 4. Be2 g6 5. O-O Bg7 6. Bb5+ Nc6 7. d4 cxd4 8. cxd4 O-O 9. Nc3 Bg4 10. Be3 Nd7 11. Be2 e5 12. d5 Bxf3 13. dxc6 Bxe2 14. Nxe2 Nf6 15. cxb7 Rb8 16. Nc3 Rxb7 17. b3 Qa5 18. Qd3 Rd8 19. Bg5 Rc8 20. Bd2 Qb6 21. Rac1 Rbc7 22. Nd5 Nxd5 23. Qxd5 h5 24. Ba5 Rxc1 25. Bxb6 axb6 26. g3 R1c6 27. a4 Bf8 28. Qb5 Bh6 29. Rb1 Bd2 30. b4 Kg7 31. Kg2 R8c7 32. Qd5 Rc8 1-0

[Event "Saint John op-2"]
[Site "Saint John CAN"]
[Date "1988.??.??"]
[Round "?"]
[White "Torre, Eugenio"]
[Black "Perenyi, Bela"]
[Result "1-0"]
[WhiteElo "2545"]
[BlackElo "2370"]
[PlyCount "67"]
[GameId "2160767912586939"]
[EventDate "1988.02.08"]
[EventType "swiss"]
[EventRounds "9"]
[EventCountry "CAN"]
[SourceTitle "CBM 06"]

1. e4 c5 2. Nf3 Nc6 3. Bb5 d6 4. O-O Bg4 5. h3 Bh5 6. c3 e6 7. d4 Nf6 8. d5 a6 9. Bxc6+ bxc6 10. dxe6 fxe6 11. e5 dxe5 12. Qxd8+ Rxd8 13. Nxe5 Rd5 14. Re1 Bd6 15. Nc4 Be7 16. Nbd2 O-O 17. Rxe6 Bd8 18. Rxc6 Re8 19. Ne3 Rd3 20. Nb3 Ne4 21. Nxc5 Nxc5 22. Rxc5 Bg6 23. Rc8 Kf7 24. b3 Bf6 25. Rxe8 Kxe8 26. Bb2 Rd2 27. Nc4 Re2 28. Rd1 Bg5 29. Kf1 Rc2 30. g3 Bh5 31. Re1+ Kf7 32. f4 Bg6 33. Ne5+ Kg8 34. Re2 1-0

[Event "Saint John op-2"]
[Site "Saint John CAN"]
[Date "1988.??.??"]
[Round "?"]
[White "Toshkov, Tihomir"]
[Black "Groszpeter, Attila"]
[Result "1-0"]
[WhiteElo "2395"]
[BlackElo "2495"]
[PlyCount "137"]
[GameId "2160767912586941"]
[EventDate "1988.02.08"]
[EventType "swiss"]
[EventRounds "9"]
[EventCountry "CAN"]
[SourceTitle "CBM 06"]

1. d4 Nf6 2. c4 e6 3. Nf3 b6 4. Nc3 Bb7 5. Bg5 Be7 6. Qc2 h6 7. Bh4 d5 8. cxd5 Nxd5 9. Nxd5 exd5 10. Bxe7 Qxe7 11. Rc1 c6 12. g3 O-O 13. Bh3 Na6 14. O-O c5 15. b3 Rfe8 16. Rfe1 Rad8 17. Qd2 c4 18. Ne5 b5 19. Qa5 Qb4 20. Nc6 Bxc6 21. Qxa6 Bd7 22. Bxd7 Rxd7 23. Qc6 Ree7 24. e3 Qa5 25. a4 a6 26. Ra1 Kh7 27. axb5 Qxb5 28. Qxa6 Qxb3 29. Reb1 Qd3 30. Qc6 Qf5 31. Rb5 Qe6 32. Qa8 Re8 33. Rb8 Rxb8 34. Qxb8 Qc6 35. Ra5 Qc7 36. Qa8 Qd6 37. Rc5 Qe6 38. Qc8 Qf5 39. h4 Qb1+ 40. Kg2 Qe4+ 41. Kh2 Qf5 42. Kg2 Qe4+ 43. Kh2 Ra7 44. Qh3 Ra2 45. Qg2 Qd3 46. Qf3 f6 47. g4 c3 48. Kg3 Ra1 49. Qf5+ Qxf5 50. gxf5 Rc1 51. Kf3 c2 52. Rc8 h5 53. Ke2 Rh1 54. Rxc2 Rxh4 55. Rc5 Rg4 56. Rxd5 Kh6 57. Rd8 Kg5 58. Rh8 h4 59. f3 Rg2+ 60. Kd3 Rh2 61. Ke4 Rh1 62. Rh7 g6 63. f4+ Kg4 64. fxg6 f5+ 65. Ke5 Kf3 66. g7 Rg1 67. Kf6 Kxe3 68. Rxh4 Kxd4 69. Kf7 1-0

[Event "Saint John op-2"]
[Site "Saint John CAN"]
[Date "1988.??.??"]
[Round "?"]
[White "Toshkov, Tihomir"]
[Black "Jussupow (Yusupov), Artur"]
[Result "0-1"]
[WhiteElo "2395"]
[BlackElo "2620"]
[PlyCount "118"]
[GameId "2160767912586942"]
[EventDate "1988.02.08"]
[EventType "swiss"]
[EventRounds "9"]
[EventCountry "CAN"]
[SourceTitle "CBM 06"]

1. d4 e6 2. c4 f5 3. g3 Nf6 4. Bg2 d5 5. Nh3 Be7 6. O-O O-O 7. Nd2 Nc6 8. cxd5 exd5 9. Nf3 Ne4 10. Nf4 g5 11. Nd3 Bf6 12. Nde5 Re8 13. b3 g4 14. Nxc6 bxc6 15. Ne5 c5 16. e3 Ba6 17. Re1 Bxe5 18. dxe5 c6 19. Bb2 Re6 20. h3 gxh3 21. Bxh3 Qg5 22. Qf3 Rf8 23. Kg2 Rh6 24. Rh1 Qg6 25. Qf4 Rh5 26. e6 Qxe6 27. Qe5 Qxe5 28. Bxe5 Be2 29. Rae1 Bg4 30. Bxg4 Rxh1 31. Rxh1 fxg4 32. Bf4 Rf5 33. Rh6 Nf6 34. Rh1 h5 35. Rc1 Ne4 36. f3 gxf3+ 37. Kxf3 Kf7 38. Rh1 Kg6 39. Rh2 Ng5+ 40. Ke2 Rf7 41. Bxg5 Kxg5 42. Kd3 Rf3 43. Rc2 Rxg3 44. Rxc5 h4 45. Rxc6 h3 46. Rc7 Rg4 47. Rg7+ Kh4 48. Rxa7 h2 49. Rh7+ Kg3 50. Rxh2 Kxh2 51. a4 Kg3 52. a5 Kf3 53. a6 Rg6 54. a7 Ra6 55. Kd4 Rxa7 56. Kxd5 Rb7 57. e4 Rxb3 58. e5 Kf4 59. e6 Re3 0-1

[Event "Saint John op-2"]
[Site "Saint John CAN"]
[Date "1988.??.??"]
[Round "?"]
[White "Vaganian, Rafael"]
[Black "Tolnai, Tibor"]
[Result "1-0"]
[WhiteElo "2625"]
[BlackElo "2465"]
[PlyCount "93"]
[GameId "2160767912586947"]
[EventDate "1988.02.08"]
[EventType "swiss"]
[EventRounds "9"]
[EventCountry "CAN"]
[SourceTitle "CBM 006"]
[Source "ChessBase"]
[SourceDate "2004.01.01"]
[SourceVersion "1"]
[SourceVersionDate "2004.01.01"]
[SourceQuality "1"]

1. Nf3 Nf6 2. c4 e6 3. g3 a6 4. Bg2 b5 5. b3 Bb7 6. Nc3 b4 7. Na4 Be7 8. d4 O-O 9. O-O d6 10. Be3 Nbd7 11. Rc1 Nb6 12. Nxb6 cxb6 13. Ne1 Bxg2 14. Nxg2 d5 15. Qd3 a5 16. f3 a4 17. Bf2 axb3 18. axb3 dxc4 19. bxc4 Ra3 20. Qb1 b5 21. c5 Qa5 22. e4 Rxf3 23. Ne3 Rd8 24. d5 Rxe3 25. Bxe3 exd5 26. exd5 Nxd5 27. Qf5 Bf6 28. Bg5 g6 29. Qg4 Bxg5 30. Qxg5 Nc3 31. Qe7 Rf8 32. Ra1 Qd8 33. Qe3 Re8 34. Qf3 Qc7 35. Kh1 Rf8 36. Ra8 Rxa8 37. Qxa8+ Kg7 38. Qe8 Qxc5 39. Rxf7+ Kh6 40. Rf4 b3 41. Rh4+ Kg7 42. Qd7+ Kf6 43. Rf4+ Ke5 44. Qe8+ Kd5 45. Qf7+ Ke5 46. Qf6+ Kd5 47. Qg5+ 1-0

[Event "Saint John op-2"]
[Site "Saint John CAN"]
[Date "1988.??.??"]
[Round "?"]
[White "Watson, William"]
[Black "Cooper, John Grantley"]
[Result "1-0"]
[WhiteElo "2535"]
[BlackElo "2380"]
[PlyCount "67"]
[GameId "2160767912586952"]
[EventDate "1988.02.08"]
[EventType "swiss"]
[EventRounds "9"]
[EventCountry "CAN"]
[SourceTitle "CBM 006"]
[Source "ChessBase"]
[SourceDate "2004.01.01"]
[SourceVersion "1"]
[SourceVersionDate "2004.01.01"]
[SourceQuality "1"]

1. e4 e5 2. Nf3 Nc6 3. Bb5 f5 4. Nc3 fxe4 5. Nxe4 d5 6. Nxe5 dxe4 7. Nxc6 Qd5 8. c4 Qd6 9. Nxa7+ Bd7 10. Bxd7+ Qxd7 11. Qh5+ g6 12. Qe5+ Kf7 13. Nb5 c6 14. Qd4 Qe7 15. Qxh8 Nf6 16. b3 Re8 17. Bb2 Bg7 18. Ba3 c5 19. Qxe8+ Nxe8 20. Rd1 Be5 21. d4 exd3 22. O-O Nf6 23. Rxd3 Bxh2+ 24. Kxh2 Qe2 25. Rf3 Qxf1 26. Bb2 Qe2 27. Bxf6 Kg8 28. Nc3 Qc2 29. Nd5 h5 30. Bc3 Qxa2 31. Ne7+ Kh7 32. Rf7+ Kh6 33. Ng8+ Kg5 34. f4+ 1-0

[Event "Saint John op-2"]
[Site "Saint John CAN"]
[Date "1988.??.??"]
[Round "?"]
[White "Watson, William"]
[Black "Davies, Nigel Rodney"]
[Result "1/2-1/2"]
[WhiteElo "2535"]
[BlackElo "2450"]
[PlyCount "27"]
[GameId "2160767912586953"]
[EventDate "1988.02.08"]
[EventType "swiss"]
[EventRounds "9"]
[EventCountry "CAN"]
[SourceTitle "CBM 006"]
[Source "ChessBase"]
[SourceDate "2004.01.01"]
[SourceVersion "1"]
[SourceVersionDate "2004.01.01"]
[SourceQuality "1"]

1. e4 e5 2. Nf3 Nc6 3. Bb5 a6 4. Ba4 d6 5. Bxc6+ bxc6 6. d4 exd4 7. Qxd4 c5 8. Qd3 Ne7 9. Bg5 f6 10. Bd2 Nc6 11. Qd5 Bb7 12. Nc3 Nb4 13. Qb3 a5 14. Qe6+ 1/2-1/2

[Event "Saint John op-2"]
[Site "Saint John CAN"]
[Date "1988.??.??"]
[Round "?"]
[White "Wilder, Michael"]
[Black "Andonov, Bogomil"]
[Result "1/2-1/2"]
[WhiteElo "2535"]
[BlackElo "2420"]
[PlyCount "77"]
[GameId "2160767912586957"]
[EventDate "1988.02.08"]
[EventType "swiss"]
[EventRounds "9"]
[EventCountry "CAN"]
[SourceTitle "CBM 06"]

1. d4 Nf6 2. c4 c5 3. d5 a6 4. a4 e5 5. Nc3 Bd6 6. e4 Bc7 7. f3 Ba5 8. Bd2 d6 9. Bd3 Nbd7 10. Nge2 Nf8 11. Qc2 Ng6 12. O-O-O Bd7 13. g4 Nh4 14. Rdf1 h6 15. Ng3 g6 16. g5 Ng8 17. f4 Bh3 18. Rf2 exf4 19. Bxf4 hxg5 20. Be3 Nh6 21. Qd2 Ng4 22. Bxg5 Bxc3 23. bxc3 Qa5 24. Rf4 Qxa4 25. Kb2 Qd7 26. Be2 b5 27. e5 bxc4 28. Bxg4 Rb8+ 29. Ka1 Bxg4 30. Ne4 Kf8 31. e6 Qa4+ 32. Qa2 Qxa2+ 33. Kxa2 f5 34. Nxd6 Kg7 35. Bxh4 Rxh4 36. e7 g5 37. Rf2 Rhh8 38. Re1 Bh5 39. Nxf5+ 1/2-1/2

[Event "Saint John op-2"]
[Site "Saint John CAN"]
[Date "1988.??.??"]
[Round "?"]
[White "Wilder, Michael"]
[Black "Ardaman, Miles"]
[Result "1-0"]
[WhiteElo "2535"]
[BlackElo "2430"]
[PlyCount "75"]
[GameId "2160767912586958"]
[EventDate "1988.02.08"]
[EventType "swiss"]
[EventRounds "9"]
[EventCountry "CAN"]
[SourceTitle "CBM 06"]

1. d4 Nf6 2. c4 e6 3. Nc3 c5 4. d5 exd5 5. cxd5 d6 6. e4 g6 7. f3 Bg7 8. Bg5 h6 9. Be3 O-O 10. Qd2 Re8 11. Bb5 Nbd7 12. a4 a6 13. Be2 Kh7 14. Nh3 Ne5 15. Nf2 b6 16. O-O Ra7 17. Rab1 Rae7 18. b4 g5 19. g3 Nfd7 20. g4 Nf8 21. h4 f6 22. h5 f5 23. gxf5 Bxf5 24. exf5 Nxf3+ 25. Bxf3 Rxe3 26. f6 Rxf3 27. fxg7 Nd7 28. Nfe4 Ne5 29. bxc5 dxc5 30. d6 Kxg7 31. Nd5 Rd3 32. Qa2 c4 33. Nc7 Nf3+ 34. Rxf3 Rxe4 35. Rxd3 Qd7 36. Qg2 Rh4 37. Re3 Qxd6 38. Ne8+ 1-0